| 000 | 01255cas a2200397 a 4500 | ||
|---|---|---|---|
| 001 | 13066823 | ||
| 005 | 20180308040347.0 | ||
| 008 | 030123c20039999miugr 0 a0eng c | ||
| 010 | _a 2003214743 | ||
| 015 | _a0784666165 | ||
| 016 | 7 |
_a101221793 _2DNLM |
|
| 022 | 0 |
_a1543-2556 _21 |
|
| 035 | _a(OCoLC)ocm51508421 | ||
| 037 |
_bGale Thomson, 27500 Drake Rd., Farmington Hills, MI 48331-3535 _c$34.00 (single issue) |
||
| 040 |
_aNSD _beng _cNSD _dDLC _dSWV _dIUL _dNLM _dTJC _dIUL _dOCLCQ _dIUL _dOCLCF _dOCLCO _dOCLCQ _dOCLCO |
||
| 041 | _aeng | ||
| 042 |
_ansdp _apcc |
||
| 043 | _an-us--- | ||
| 060 | 0 | 0 |
_aW1 _bHE302S |
| 080 | _a616 BAR | ||
| 082 | 1 | 0 |
_a616 BAR _213 |
| 100 | _a4 | ||
| 101 | _aSHK | ||
| 222 | 4 | _aThe health care system | |
| 245 | 0 | 4 | _aThe health care system : |
| 310 | _aBiennial | ||
| 362 | 0 | _a2003 ed.- | |
| 776 | 0 | 8 |
_iOnline version: _tHealth care system _w(OCoLC)688568300 |
| 780 | 0 | 1 |
_tHealth, a concern for every American _x1534-1623 _w(DLC)sn 88021843 _w(OCoLC)15599266 |
| 906 |
_a7 _bcbc _cserials _d2 _encip _f20 _gn-oclcserc |
||
| 942 |
_2ddc _cBK |
||
| 999 |
_c44407 _d44407 |
||